LEADER 01269nam a2200277 a 4500 001 000000107582 003 CaOOAMICUS 005 20071012144923.0 008 071012s2007 enk u001 u eng d 020 $z978-0-521-01255-3* 040 $aPUL$bita$dLDB 245 04$aThe Cambridge companion to modern jewish philosophy /$cedited by Michael L. Morgan and Peter Eli Gordon. 260 $aCambridge :$bCambridge University Press,$cc2007. 300 $axx, 382 p. ;$c23 cm. 490 1 $aCambridge companion to religion 504 $aBibliografia: p. [349]-363. 650 14$aFilosofia giudaica$ySec. XX.$0(OLS)http://pul/subject/33579 700 1 $aMorgan, Michael L.$0(OLS)http://pul/name/66012 700 1 $aGordon, Peter Eli.$0(OLS)http://pul/name/66013 830 0$aCambridge companion to religion.$0(OLS)http://pul/title/132745 850 $aPUL 852 $aPUL$W1$xSL Religione 3$y85$m200. 5 COLL 1.2$j122291$qDDC 21$B121270$CPULBib$Z2$F121270 $H105085 $82 941 1 $a9 996 $6020$z978-0-521-01255-3*$9(OLS)http://pul/number/135901 996 $6245$aThe Cambridge companion to modern jewish philosophy$9(OLS)http://pul/title/135463 996 $6260$aCambridge :$bCambridge University Press$9(OLS)http://pul/publisher/50125 LEADER 01082nam a2200253 u 4500 001 000000092631 003 CaOOAMICUS 005 20070226124947.0 008 060712s2006 it u000 u ita u 020 $a8813268637 035 $a11095550 040 $aPUL$bita 100 1 $aDe Filippis, Bruno.$0(OLS)http://pul/name/29237 245 10$aAffidamento condiviso dei figli nella separazione e nel divorzio /$cBruno De Filippis. 260 $aPadova :$bCEDAM,$cc2006. 300 $axv, 175 p. ;$c24 cm 504 $aContiene riferimenti bibliografici e indice. 650 4$aAffidamento$xDiritto e legislazione.$0(OLS)http://pul/subject/22533 850 $aPUL 852 $aPUL$W1$xSL Diritto e Scienze Sociali 3$y79$m346. 45 DEFBR 1$j116482$nBK-PRI$b $qDDC 21$B116482$CPULBib$Z2$F116482 $HPUL101865 $81 941 1 $a9 996 $6020$a8813268637$9(OLS)http://pul/number/121770 996 $6245$aAffidamento condiviso dei figli nella separazione e nel divorzio$9(OLS)http://pul/title/119536 996 $6260$aPadova :$bCEDAM$9(OLS)http://pul/publisher/48126